Balwant singh selected short stories / (Record no. 154870)

MARC details
000 -LEADER
fixed length control field 00693nam a22002417a 4500
003 - CONTROL NUMBER IDENTIFIER
control field dpl
005 - DATE AND TIME OF LATEST TRANSACTION
control field 20180726122623.0
008 - FIXED-LENGTH DATA ELEMENTS--GENERAL INFORMATION
fixed length control field 180726b xxu||||| |||| 00| 0 eng d
010 ## - LIBRARY OF CONGRESS CONTROL NUMBER
LC control number A-826172
020 ## - INTERNATIONAL STANDARD BOOK NUMBER
International Standard Book Number 8172016875
035 ## - SYSTEM CONTROL NUMBER
System control number A-826172
037 ## - SOURCE OF ACQUISITION
Source of stock number/acquisition BPPD/PUB
040 ## - CATALOGING SOURCE
Transcribing agency 0
082 ## - DEWEY DECIMAL CLASSIFICATION NUMBER
Classification number S
100 ## - MAIN ENTRY--PERSONAL NAME
Personal name Narang gopi chand
245 ## - TITLE STATEMENT
Title Balwant singh selected short stories /
Statement of responsibility, etc by Gopi chand narang, Jai ratan
260 ## - PUBLICATION, DISTRIBUTION, ETC. (IMPRINT)
Place of publication, distribution, etc New Delhi
Name of publisher, distributor, etc Sahitya akademi
Date of publication, distribution, etc 1996
270 ## - ADDRESS
Address Rabindra bhawan, 35 ferozeshah road
City New delhi
Postal code 110001
300 ## - PHYSICAL DESCRIPTION
Extent 304p.
Dimensions 22 cm (Hb)
650 ## - SUBJECT ADDED ENTRY--TOPICAL TERM
Topical term or geographic name as entry element Financial accountancy
700 ## - ADDED ENTRY--PERSONAL NAME
Personal name Jai ratan
942 ## - ADDED ENTRY ELEMENTS (KOHA)
Institution code [OBSOLETE] dpl
Koha item type English Books
Call number prefix 657.48 / GUP
Source of classification or shelving scheme Dewey Decimal Classification
Classification part S
Call number suffix NAR
Holdings
Withdrawn status Lost status Source of classification or shelving scheme Damaged status Not for loan Collection code Home library Current library Date acquired Source of acquisition Cost, normal purchase price Total Checkouts Full call number Barcode Date last seen Date checked out Cost, replacement price Price effective from Koha item type
    Dewey Decimal Classification     Fiction Shahdara Branch Shahdara Branch 26/07/2018 BPPD/PUB 150.00 1 S NAR A-826172 27/07/2021 22/07/2021 150.00 26/07/2018 English Books

© Delhi Public Library
Hit Counter
free hit counter